00979 2200181 4500001002100000005001500021035002000036245003500056100001500091250001700106300003400123260003100157082001000188084001600198020002200214650001800236520054300254INLIS00000000000099520250323071300 a0010-03250000911 aDaur Hidup Katak /cPrayudinta0 aPrayudinta acetakan ke-1 aii, 22 hlm :bilus ;c25,5 cm aSolo :bTiga Ananda,c2019 a591.5 a591.5 PRA d a978-623-206-272-6 4aNonfiksi anak aKatak adalah hewan yang bisa hidup di darat maupun di air. Dengan adanya dua kehidupan tersebut, katak termasuk hewan amphibi / amfibi. Katak cenderung memiliki kulit yang licin, berlendir, dan basah. Umumnya katak berwarna hijau, abu-abu atau merah kecoklatan. Buku ini dilengkapi fakta-fakta menakjubkan tentang katak dan daur hidupnya. Selain itu, ada juga penjelasan mengenai kecebong yang tumbuh menjadi katak dewasa, juga cara hidup mereka. Foto dan gambar-gambar pada buku ini akan memudahkan kamu dalam memahami isi dari buku ini.